000 00959nam a22003137a 4500
003 CHAP
005 20220329140158.0
008 971013s1961 r 00010 d
010 _a48135
011 _a49107
035 _a53255
040 _cCHAP
082 _a333.91
_bT65
100 0 0 _aTolley, G. S.
_eed.
_9113648
245 _aEconomics of watershed planning
260 _aAmes :
_bIowa State University,
_c1961
300 _a339 p.
590 _aBATCH-UPD
_b10
_c20130110
_lUCH01
_h1555
590 _aBATCH-UPD
_b10
_c20130410
_lUCH01
_h0953
590 _aBATCH-UPD
_b10
_c20130914
_lUCH01
_h1113
590 _aCONVERSION
_b10
_c20130109
_lUCH01
_h1326
650 1 4 _aAgua
_xAprovechamiento.
_92282
650 1 4 _aCuencas
_xAspectos económicos.
_930086
650 1 4 _aCuencas
_xPolítica y programas.
_930087
700 0 _aRiggs, F. E.
_eed.
_997413
901 _aBK
942 _cLIBRO
949 _a333.91 T65
_bBC
_cLIBRO
_d33724000334793
_eLIBRO
_i53255
_mD
_si
999 _c48135
_d48135